| 000 | 00683nam a22002777a 4500 | ||
|---|---|---|---|
| 001 | BR9606093 | ||
| 003 | BR-BrBNA | ||
| 005 | 20230928095248.0 | ||
| 007 | ta | ||
| 008 | 230509b bl.||||| |||| 00| 0 por d | ||
| 040 |
_aBR-BrBNA _bpor _cBiblioteca Nacional de Agricultura |
||
| 041 | _a(Por) | ||
| 072 |
_aL01; L73; L02 _b5250 |
||
| 090 | _ 5250 BR9606093 | ||
| 100 | 1 | _aCastro, A. de | |
| 245 | 1 | _aA cabra | |
| 260 | 3 |
_aFortaleza, CE (Brasil): _c1979. |
|
| 300 | _a376 p. | ||
| 500 | _aBibliography p. 370-376 | ||
| 650 | _aCabra | ||
| 650 | _aManejo | ||
| 650 | _aDoenca Animal | ||
| 650 | _aNutricao Animal | ||
| 909 |
_a202309 _bLucia _c55 _dLucia Elande |
||
| 942 | _cBK | ||
| 999 |
_c55505 _d55505 |
||